000 00356nam a2200157Ia 4500
003 Ost
005 20260225132541.0
008 260225s9999||||xx |||||||||||||| ||und||
040 _cfsic
041 _afre
082 _a302.224
100 _aMarc hauter
_eAuteur
245 0 _aLe journalisme d'investigation /
245 0 _cMarc hauter
942 _cكتاب
999 _c33502
_d33502